Cuentos clásicos juveniles : (Registro nro. 10629)

Detalles MARC
000 -LIDER
fixed length control field 00851nam a22002897a 4500
001 - NÚMERO DE CONTROL
Identificador de número de control 0126
003 - IDENTIFICACDOR DE NÚMERO DE CONTROL
control field DO-SdBNP
005 - DATE AND TIME OF LATEST TRANSACTION
control field 20231201124851.0
007 - CAMPOS FIJOS DE DESCRIPCIÓN FÍSICA
fixed length control field 0126
008 - ELEMENTOS DE LONGITUD FIJA
fixed length control field 151005b2004 mx 00| 0 spa d
020 ## - ISBN
International Standard Book Number 9789681903206
040 ## - FUENTE DE CATALOGACIÓN
Agencia que crea de manera original el registro BPMSU
Idioma de catalogación spa
Agencia que realiza la transcripción BPMSU
082 #4 - NÚMERO DE CLASIFICACIÓN DECIMAL DE DEWEY
Classification number 808.831
Item number C965C 2005
Edition number 22
245 10 - MENCIÓN DE TITULO
Título Cuentos clásicos juveniles :
Subtítulo antología /
Mención de responsabilidad Alexander Pushkin ... [et al.] ; edición y prólogo Conrado Zuluaga.
250 ## - MENCIÓN DE EDICION
Mención de edición
260 ## - PUBLICACIÓN, DISTRIBUCIÓN, ETC. (PIE DE IMPRENTA)
Lugar de publicación, distribución, etc México :
Nombre del editor, distribuidor, etc. Alfaguara,
Fecha de publicación, distribución, etc 2004
300 ## - DESCRIPCIÓN FÍSICA
Extensión 107 p. :
Dimensiones 22 cm.
490 0# - MENCIÓN DE SERIES
Mención de serie Alfaguara juvenil
500 ## - NOTA GENERAL
Nota general
590 ## - NOTA LOCAL
Texto de la nota local Inventariado, 2023/VM
650 #4 - ENCABEZAMIENTO DE MATERIA--TEMÁTICO
Término temático o nombre geográfico como elemento de entrada Cuentos juveniles
Subdivisión de forma Colecciones.
650 #4 - ENCABEZAMIENTO DE MATERIA--TEMÁTICO
Término temático o nombre geográfico como elemento de entrada Naturaleza
Subdivisión de forma Cuentos.
700 1# - ASIENTO SECUNDARIO -- NOMBRE PERSONAL
Nombre personal Pushkin, Alexander
700 12 - ASIENTO SECUNDARIO -- NOMBRE PERSONAL
Nombre personal Zuluaga, Conrado
Fechas asociadas con el nombre 1945-,
Mención de responsabilidad prólogo
910 ## - VALIDACIÓN
Validación VMateo V. Control de calidad. BPMSU
942 ## - ADDED ENTRY ELEMENTS (KOHA)
Source of classification or shelving scheme Dewey Decimal Classification
Koha item type Libros
Existencias
Withdrawn status Lost status Source of classification or shelving scheme Damaged status Not for loan Collection code Home library Current library Date acquired Total Checkouts Full call number Barcode Date last seen Price effective from Koha item type
    Dewey Decimal Classification     Colección General Biblioteca Pública Metropolitana Salomé Ureña Biblioteca Pública Metropolitana Salomé Ureña 06/29/2016   BPMSU CJG 808.831 C965C 2005 BPMSU16060702 06/29/2016 06/29/2016 Libros